New remedies: pharmaceutically and therapeutically considered.
Saved in:
| Main Author: | |
|---|---|
| Format: | Book |
| Language: | English |
| Published: |
Philadelphia,
Lea and Blanchard,
1843.
|
| Edition: | 4th ed. with extensive modifications and additions. |
| Subjects: | |
| Tags: |
Add Tag
No Tags, Be the first to tag this record!
|
| LEADER | 00867nam a22002651 4500 | ||
|---|---|---|---|
| 001 | 006113036-2 | ||
| 005 | 20160409143230.0 | ||
| 008 | 860815s1843 paua 000 0 eng c | ||
| 010 | |a 07020210 //r86 | ||
| 035 | 0 | |a ocm04741381 | |
| 040 | |a DLC/ICU |c CGU |d HMS | ||
| 050 | 0 | |a RS155 |b .D93 | |
| 060 | 0 | 0 | |a QV |b D916n 1843 |
| 100 | 1 | |a Dunglison, Robley, |d 1798-1869. | |
| 245 | 1 | 0 | |a New remedies: |b pharmaceutically and therapeutically considered. |
| 250 | |a 4th ed. with extensive modifications and additions. |b By Robley Dunglison ... | ||
| 260 | |a Philadelphia, |b Lea and Blanchard, |c 1843. | ||
| 300 | |a 1 p.l., [7]-615 p. |b illus. |c 24 cm. | ||
| 504 | |a Includes bibliographical references and indexes. | ||
| 650 | 2 | 2 | |a Drug Therapy. |
| 650 | 2 | 2 | |a Drug Compounding. |
| 650 | 1 | 2 | |a Pharmaceutical Preparations. |
| 650 | 0 | |a Materia medica. | |
| 988 | |a 20020608 | ||
| 906 | |0 OCLC | ||


